<?xml version="1.0" encoding="UTF-8"?>
<collection xmlns="http://www.loc.gov/MARC21/slim">
 <record>
  <leader>00588pamaa2200181   4500</leader>
  <controlfield tag="001">0000012294</controlfield>
  <controlfield tag="005">20120131090000.0</controlfield>
  <datafield tag="020" ind1="0" ind2="0">
   <subfield code="a">1558603727 (pbk.) </subfield>
  </datafield>
  <datafield tag="082" ind1=" " ind2=" ">
   <subfield code="a">004.22 PAT</subfield>
  </datafield>
  <datafield tag="090" ind1="0" ind2="0">
   <subfield code="a">QA76.9.A73 </subfield>
   <subfield code="b">PAT 1996</subfield>
  </datafield>
  <datafield tag="100" ind1="1" ind2="0">
   <subfield code="a">Patterson </subfield>
  </datafield>
  <datafield tag="245" ind1="1" ind2="0">
   <subfield code="a">Computer architecture : </subfield>
   <subfield code="b">a quantitative approach  </subfield>
   <subfield code="c">David A. Patterson and John L. Hennessy ; with a contribution by David Goldberg.</subfield>
  </datafield>
  <datafield tag="250" ind1="0" ind2="0">
   <subfield code="a">2nd ed.</subfield>
  </datafield>
  <datafield tag="260" ind1="0" ind2="0">
   <subfield code="a">California: </subfield>
   <subfield code="b">Morgan Kaufmann Pub., </subfield>
   <subfield code="c">1996.</subfield>
  </datafield>
  <datafield tag="300" ind1=" " ind2=" ">
   <subfield code="a">xxiii, 794p.: </subfield>
   <subfield code="b">24cm.</subfield>
  </datafield>
  <datafield tag="650" ind1="0" ind2="0">
   <subfield code="a">Computer architecture </subfield>
  </datafield>
  <datafield tag="700" ind1="1" ind2="1">
   <subfield code="a">GOLDBERG, </subfield>
   <subfield code="h">David </subfield>
  </datafield>
  <datafield tag="700" ind1="1" ind2="1">
   <subfield code="a">Hennessy, </subfield>
   <subfield code="h">John L. </subfield>
  </datafield>
 </record>
</collection>
